| 000 | 00000nas 2200000za 4500 |
| 001 | 9.504323 |
| 003 | CaOODSP |
| 005 | 20250206125412 |
| 007 | cr ||||||||||| |
| 008 | 150406d20132015oncar pso||||f0 b0fre|d |
| 040 | |aCaOODSP|bfre |
| 043 | |an-cn--- |
| 086 | 1 |aA101-7F-PDF |
| 110 | 2 |aAgence canadienne d'inspection des aliments. |
| 245 | 10|aBureau des plaintes et des appels - rapport annuel |h[ressource électronique]. |
| 260 | |aOttawa : |bAgence canadienne d'inspection des aliments |
| 310 | |aAnnuel |
| 362 | 1 |aParaît depuis : 2012/2013; ne paraît plus après 2013/2014. |
| 500 | |aPubl. aussi en anglais sous le titre : Complaints and Appeals Office - annual report. |
| 691 | 07|aAppel|2gcpds |
| 691 | 07|aInspection des aliments|2gcpds |
| 691 | 07|aPlainte|2gcpds |
| 775 | 08|tComplaints and Appeals Office - annual report |w(CaOODSP)9.507945 |
| 785 | 00|tRapport biennal ... |w(CaOODSP)9.828165 |